Morza na literę B - Statystyki

Ogólne statystyki
  • Ten quiz został rozwiązany 119 razy
    75 od ostatniego zresetowania
  • Średni wynik to 6 z 10
Statystyki odpowiedzi
Kontynent Odpowiedź % Poprawnych
Europa Bałtyckie
97%
Ameryka Północna, Azja Beringa
82%
Europa Białe
82%
Europa Barentsa
62%
Ameryka Północna Beauforta
60%
Ameryka Północna Baffina
53%
Europa Balearskie
51%
Azja Banda
47%
Azja Balijskie
32%
Antarktyda Bellingshausena
31%
Nie znaleziono quizów pasujących do podanych kryteriów
Rozkład punktacji
Procent ludzi z każdym wynikiem
Percentyl według liczby udzielonych odpowiedzi
Twoja historia wyników
Nie rozwiązałeś tego quizu od ostatniego zresetowania